000 00484nam a2200181Ia 4500
008 100917s9999 xx 000 0 und d
082 _b16351
100 _aशास्त्री कृ. ना.
245 _aआर्यवसुंधरा
260 _b---
_c1805
300 _a90
365 _b0.75
520 _aनाटक
630 _aआर्यवसुंधरा
650 _aनाटक
730 _aआर्यवसुंधरा
942 _cBOOK
999 _c621745
_d621742